Bonne route 1; guide pedagogique /

Guardado en:
Autor Principal: Van Zundert, Danielle
Formato: Libro
Publicado: Paris : Hachette, 1988
Materias:
Etiquetas: Agregar Etiqueta
Sin Etiquetas, Sea el primero en etiquetar este registro!
LEADER 00569nam a22001935a 4500
001 CEM.cems007100
005 20060214000000.0
008 130507s1988##################000#0#####d
003 CEMS
082 0 4 |a 448.64 
100 1 |a Van Zundert, Danielle 
245 1 0 |a Bonne route 1; guide pedagogique / 
260 |a Paris :  |b Hachette,  |c 1988 
300 |a 131 p. 
653 |a Frances 
653 |a Frances-metodologia 
653 |a Linguistica 
859 |a CEMS  |b BIB. CEMS - 11 de abril  |h 448.64  |i V399/I  |p 16852.93  |t Ej.1 
859 |a CEMS  |b BIB. CEMS - 11 de abril  |h 448.64  |i V399/I  |p 48.99  |t Ej.2